Физика 2.1 (СО): электронный курс
| Autor Corporativo: | |
|---|---|
| Outros Autores: | , , , , , |
| Resumo: | Заглавие с экрана Данный курс состоит из трех разделов: 1. Электростатика 2. Магнетизм 3 .Колебания Доступ по логину и паролю |
| Idioma: | russo |
| Publicado em: |
Томск, TPU Moodle, 2015
|
| Assuntos: | |
| Acesso em linha: | https://design.lms.tpu.ru/course/view.php?id=573 |
| Formato: | MixedMaterials Recurso Eletrônico Livro |
| KOHA link: | https://koha.lib.tpu.ru/cgi-bin/koha/opac-detail.pl?biblionumber=665565 |
MARC
| LEADER | 00000nlm0a2200000 4500 | ||
|---|---|---|---|
| 001 | 665565 | ||
| 005 | 20240213101010.0 | ||
| 035 | |a (RuTPU)RU\TPU\network\36764 | ||
| 035 | |a RU\TPU\network\36596 | ||
| 090 | |a 665565 | ||
| 100 | |a 20211019d2015 m y0rusy50 ca | ||
| 101 | 0 | |a rus | |
| 102 | |a RU | ||
| 105 | |a a j 000zy | ||
| 135 | |a jrcn ---uucaa | ||
| 181 | 0 | |a i | |
| 182 | 0 | |a b | |
| 200 | 1 | |a Физика 2.1 (СО) |e электронный курс |f Н. С. Кравченко, Е. В. Лисичко, С. И. Борисенко [и др.] |g Национальный исследовательский Томский политехнический университет, Физико-технический институт, Кафедра теоретической и экспериментальной физики | |
| 203 | |a Текст |c электронный | ||
| 210 | |a Томск |c TPU Moodle |d 2015 | ||
| 300 | |a Заглавие с экрана | ||
| 330 | |a Данный курс состоит из трех разделов: 1. Электростатика 2. Магнетизм 3 .Колебания | ||
| 333 | |a Доступ по логину и паролю | ||
| 606 | 1 | |a Физика |2 stltpush |3 (RuTPU)RU\TPU\subj\63709 |9 80688 | |
| 610 | 1 | |a электронный ресурс | |
| 610 | 1 | |a труды учёных ТПУ | |
| 610 | 1 | |a электронные учебные пособия | |
| 610 | 1 | |a учебные пособия | |
| 610 | 1 | |a Moodle | |
| 610 | 1 | |a e-learning | |
| 610 | 1 | |a закон Кулона | |
| 610 | 1 | |a электрические поля | |
| 610 | 1 | |a напряженность | |
| 610 | 1 | |a силовые линии | |
| 610 | 1 | |a теорема Гаусса | |
| 610 | 1 | |a электростатические поля | |
| 610 | 1 | |a потенциалы | |
| 610 | 1 | |a магнитные поля | |
| 610 | 1 | |a постоянный ток | |
| 610 | 1 | |a электрический ток | |
| 610 | 1 | |a проводники | |
| 610 | 1 | |a диэлектрики | |
| 610 | 1 | |a диполь | |
| 610 | 1 | |a электроемкость | |
| 610 | 1 | |a сила Лоренца | |
| 610 | 1 | |a сила Ампера | |
| 610 | 1 | |a электромагнитная индукция | |
| 610 | 1 | |a электромагнитные колебания | |
| 610 | 1 | |a гармонические колебания | |
| 675 | |a 53(075.8) |v 4 | ||
| 701 | 1 | |a Кравченко |b Н. С. |c физик |c доцент Томского политехнического университета, кандидат физико-математических наук |f 1940- |g Надежда Степановна |3 (RuTPU)RU\TPU\pers\27021 | |
| 701 | 1 | |a Лисичко |b Е. В. |c физик |c доцент Томского политехнического университета, кандидат педагогических наук |f 1972- |g Елена Владимировна |3 (RuTPU)RU\TPU\pers\28369 |9 13260 | |
| 701 | 1 | |a Борисенко |b С. И. |c физик |c доцент Томского политехнического университета, доктор физико-математических наук |f 1951- |g Сергей Иванович |3 (RuTPU)RU\TPU\pers\33098 |9 16930 | |
| 701 | 1 | |a Постникова |b Е. И. |c физик |c доцент Томского политехнического университета, кандидат педагогических наук |f 1970- |g Екатерина Ивановна |3 (RuTPU)RU\TPU\pers\28370 |9 13261 | |
| 701 | 1 | |a Моржикова |b Ю. Б. |c физик |c доцент Томского политехнического университета, кандидат физико-математических наук |c девичья фамилия Юхник |f 1979- |g Юлия Борисовна |3 (RuTPU)RU\TPU\pers\30233 |9 14613 | |
| 701 | 1 | |a Никитина |b Л. Н. |c физик |c доцент Томского политехнического университета, кандидат физико-математических наук |f 1978- |g Лариса Николаевна |3 (RuTPU)RU\TPU\pers\36233 |9 19310 | |
| 712 | 0 | 2 | |a Национальный исследовательский Томский политехнический университет |b Физико-технический институт |b Кафедра теоретической и экспериментальной физики |3 (RuTPU)RU\TPU\col\18726 |
| 801 | 2 | |a RU |b 63413507 |c 20220414 |g RCR | |
| 856 | 4 | |u https://design.lms.tpu.ru/course/view.php?id=573 | |
| 942 | |c CF | ||